[Event "CECLUB Segunda División"]
[Site "Linares"]
[Date "2017.08.12"]
[Round "7"]
[White "Lopez Martinez, Josep Manuel"]
[Black "Nayhebaver, Martin"]
[Result "1-0"]
[Board "1"]
[WhiteTitle "GM"]
[WhiteElo "2589"]
[WhiteCountry "ESP"]
[WhiteFideId "2212943"]
[WhiteEloChange "3"]
[BlackElo "2451"]
[BlackCountry "SVK"]
[BlackFideId "14923432"]
[BlackEloChange "-3"]

1. e4 {[%clk 1:29:27]} c5 {[%clk 1:30:17]} 2. Nf3 {[%clk 1:29:51]} d6 {[%clk
1:30:27]} 3. d4 {[%clk 1:30:14]} cxd4 {[%clk 1:30:49]} 4. Nxd4 {[%clk 1:30:39]}
Nf6 {[%clk 1:30:58]} 5. Nc3 {[%clk 1:31:04]} a6 {[%clk 1:31:02]} 6. Be2 {[%clk
1:31:09]} e5 {[%clk 1:30:39]} 7. Nf3 {[%clk 1:31:31]} Be7 {[%clk 1:30:05]} 8. Bg5
{[%clk 1:31:47]} Nbd7 {[%clk 1:29:29]} 9. a4 {[%clk 1:31:43]} b6 {[%clk 1:25:36]}
10. Bc4 {[%clk 1:28:16]} Bb7 {[%clk 1:24:43]} 11. Qe2 {[%clk 1:28:17]} h6 {[%clk
1:21:55]} 12. Bxf6 {[%clk 1:27:59]} Nxf6 {[%clk 1:22:15]} 13. O-O {[%clk
1:27:37]} O-O {[%clk 1:22:05]} 14. Rfd1 {[%clk 1:27:38]} Qc7 {[%clk 1:21:26]} 15.
Nh4 {[%clk 1:20:55]} Rfd8 {[%clk 1:05:19]} 16. Nf5 {[%clk 1:13:24]} Bf8 {[%clk
1:02:00]} 17. Nd5 {[%clk 1:10:12]} Nxd5 {[%clk 0:55:45]} 18. Bxd5 {[%clk
1:10:36]} Bxd5 {[%clk 0:45:33]} 19. Rxd5 {[%clk 1:10:17]} Qc6 {[%clk 0:43:10]}
20. Ra3 {[%clk 1:04:41]} g6 {[%clk 0:42:16]} 21. Ne3 {[%clk 1:04:49]} h5 {[%clk
0:39:12]} 22. g3 {[%clk 1:04:21]} Bh6 {[%clk 0:37:12]} 23. Nc4 {[%clk 1:04:01]}
Bf8 {[%clk 0:31:58]} 24. Kg2 {[%clk 1:01:51]} Rab8 {[%clk 0:29:57]} 25. a5 {[%clk
0:56:00]} b5 {[%clk 0:25:33]} 26. Nb6 {[%clk 0:56:06]} Qb7 {[%clk 0:22:38]} 27.
c4 {[%clk 0:53:28]} bxc4 {[%clk 0:22:19]} 28. Qxc4 {[%clk 0:53:49]} Be7 {[%clk
0:19:58]} 29. Rf3 {[%clk 0:53:03]} Rf8 {[%clk 0:19:43]} 30. Qa4 {[%clk 0:51:07]}
Rfe8 {[%clk 0:19:10]} 31. Rc3 {[%clk 0:48:14]} Kg7 {[%clk 0:18:11]} 32. Rc6
{[%clk 0:47:47]} h4 {[%clk 0:16:24]} 33. Qc4 {[%clk 0:46:36]} Qa7 {[%clk
0:15:41]} 34. Rd3 {[%clk 0:46:11]} hxg3 {[%clk 0:14:41]} 35. hxg3 {[%clk
0:46:18]} Rh8 {[%clk 0:13:54]} 36. Rf3 {[%clk 0:46:08]} Bd8 {[%clk 0:12:52]} 37.
Rxd6 {[%clk 0:45:38]} Bxb6 {[%clk 0:12:35]} 38. axb6 {[%clk 0:45:33]} Qe7 {[%clk
0:12:24]} 39. Qd5 {[%clk 0:43:19]} Rb7 {[%clk 0:07:50]} 40. Rxf7+ {[%clk
0:42:48]} Qxf7 {[%clk 0:07:52]} 41. Qxe5+ {[%clk 0:43:12]} Kh7 {[%clk 0:07:23]}
42. Rd1 {[%clk 0:43:33]} 1-0

[Event "CECLUB Segunda División"]
[Site "Linares"]
[Date "2017.08.12"]
[Round "7"]
[White "Perez Mitjans, Orelvis"]
[Black "Alsina Leal, Daniel"]
[Result "1-0"]
[Board "2"]
[WhiteTitle "GM"]
[WhiteElo "2399"]
[WhiteCountry "ESP"]
[WhiteFideId "3502856"]
[WhiteEloChange "13"]
[BlackTitle "GM"]
[BlackElo "2507"]
[BlackCountry "ESP"]
[BlackFideId "2252627"]
[BlackEloChange "-7"]

1. e4 {[%clk 1:30:58]} c5 {[%clk 1:30:55]} 2. Nf3 {[%clk 1:31:23]} d6 {[%clk
1:31:19]} 3. Bb5+ {[%clk 1:24:51]} Bd7 {[%clk 1:31:31]} 4. c4 {[%clk 1:24:45]}
Nc6 {[%clk 1:31:06]} 5. d4 {[%clk 1:24:41]} cxd4 {[%clk 1:31:22]} 6. Nxd4 {[%clk
1:25:04]} Nf6 {[%clk 1:31:35]} 7. Nc3 {[%clk 1:25:28]} g6 {[%clk 1:31:10]} 8. f3
{[%clk 1:23:54]} Bg7 {[%clk 1:31:30]} 9. Be3 {[%clk 1:24:08]} O-O {[%clk
1:31:29]} 10. O-O {[%clk 1:22:29]} a6 {[%clk 1:28:34]} 11. Nxc6 {[%clk 1:16:49]}
bxc6 {[%clk 1:21:06]} 12. Ba4 {[%clk 1:17:12]} Rb8 {[%clk 1:12:28]} 13. Qe2
{[%clk 1:08:27]} c5 {[%clk 1:08:48]} 14. Rac1 {[%clk 1:01:03]} Bxa4 {[%clk
1:06:57]} 15. Nxa4 {[%clk 1:01:27]} Nd7 {[%clk 1:05:45]} 16. b3 {[%clk 1:01:27]}
Ne5 {[%clk 1:04:59]} 17. f4 {[%clk 0:59:58]} Nc6 {[%clk 1:04:58]} 18. f5 {[%clk
1:00:17]} e6 {[%clk 0:53:59]} 19. Qf2 {[%clk 0:58:37]} Bd4 {[%clk 0:20:44]} 20.
f6 {[%clk 0:52:08]} Kh8 {[%clk 0:20:44]} 21. Bxd4 {[%clk 0:39:39]} Nxd4 {[%clk
0:19:17]} 22. e5 {[%clk 0:39:39]} Rg8 {[%clk 0:13:53]} 23. Rcd1 {[%clk 0:38:59]}
dxe5 {[%clk 0:10:06]} 24. Nxc5 {[%clk 0:39:09]} Qc8 {[%clk 0:06:43]} 25. Nd3
{[%clk 0:33:28]} Nc6 {[%clk 0:06:32]} 26. Qc5 {[%clk 0:32:48]} Rd8 {[%clk
0:03:42]} 27. Nxe5 {[%clk 0:32:22]} Nxe5 {[%clk 0:03:58]} 28. Qxe5 {[%clk
0:32:17]} h6 {[%clk 0:04:06]} 29. Rd6 {[%clk 0:30:51]} a5 {[%clk 0:02:55]} 30.
Rfd1 {[%clk 0:29:57]} Rxd6 {[%clk 0:03:21]} 31. Qxd6 {[%clk 0:30:22]} Kh7 {[%clk
0:01:46]} 32. c5 {[%clk 0:28:29]} Rb7 {[%clk 0:01:33]} 33. a3 {[%clk 0:26:25]} g5
{[%clk 0:00:59]} 34. c6 {[%clk 0:20:17]} Rc7 {[%clk 0:00:36]} 35. Qd3+ {[%clk
0:18:11]} Kg8 {[%clk 0:01:01]} 36. Qd8+ {[%clk 0:18:25]} Qxd8 {[%clk 0:01:28]}
37. Rxd8+ {[%clk 0:18:54]} Kh7 {[%clk 0:01:29]} 38. Rd6 {[%clk 0:19:22]} Kg6
{[%clk 0:01:34]} 39. b4 {[%clk 0:19:50]} axb4 {[%clk 0:00:37]} 40. axb4 {[%clk
0:20:18]} Kxf6 {[%clk 0:00:59]} 41. b5 {[%clk 0:20:42]} Ke7 {[%clk 0:00:57]} 42.
Rd1 {[%clk 0:21:03]} e5 {[%clk 0:00:32]} 43. g4 {[%clk 0:20:32]} Rc8 {[%clk
0:00:28]} 44. Kf2 {[%clk 0:20:37]} Ke6 {[%clk 0:00:34]} 45. Ke3 {[%clk 0:20:54]}
Ke7 {[%clk 0:00:31]} 46. Ke4 {[%clk 0:20:56]} Ke6 {[%clk 0:00:58]} 47. Rd2 {[%clk
0:20:20]} f6 {[%clk 0:01:07]} 48. Rd1 {[%clk 0:20:46]} h5 {[%clk 0:01:18]} 49.
gxh5 {[%clk 0:21:09]} f5+ {[%clk 0:01:44]} 50. Ke3 {[%clk 0:21:29]} e4 {[%clk
0:02:00]} 51. h6 {[%clk 0:20:13]} Ke5 {[%clk 0:02:11]} 52. b6 {[%clk 0:20:12]}
f4+ {[%clk 0:01:42]} 53. Kf2 {[%clk 0:20:02]} e3+ {[%clk 0:01:19]} 54. Kg2 {[%clk
0:07:39]} Ke4 {[%clk 0:00:36]} 55. b7 {[%clk 0:08:07]} f3+ {[%clk 0:00:40]} 56.
Kg3 {[%clk 0:07:43]} Rf8 {[%clk 0:00:38]} 57. c7 {[%clk 0:08:05]} e2 {[%clk
0:00:59]} 58. Re1 {[%clk 0:08:32]} Kd3 {[%clk 0:00:34]} 59. b8Q {[%clk 0:08:36]}
f2 {[%clk 0:00:51]} 60. Qb5+ {[%clk 0:09:05]} Kd4 {[%clk 0:00:50]} 61. Qxe2
{[%clk 0:09:14]} 1-0

[Event "CECLUB Segunda División"]
[Site "Linares"]
[Date "2017.08.12"]
[Round "7"]
[White "Vila Gazquez, Xavier"]
[Black "Ruperez Benito, Antonio"]
[Result "1/2-1/2"]
[Board "3"]
[WhiteTitle "GM"]
[WhiteElo "2483"]
[WhiteCountry "ESP"]
[WhiteFideId "2261090"]
[WhiteEloChange "-2"]
[BlackTitle "FM"]
[BlackElo "2311"]
[BlackCountry "ESP"]
[BlackFideId "22245049"]
[BlackEloChange "5"]

1. Nf3 {[%clk 1:30:30]} d5 {[%clk 1:30:30]} 2. g3 {[%clk 1:30:30]} Nf6 {[%clk
1:30:30]} 3. Bg2 {[%clk 1:30:30]} c5 {[%clk 1:30:30]} 4. O-O {[%clk 1:30:30]} e6
{[%clk 1:30:30]} 5. c4 {[%clk 1:30:30]} d4 {[%clk 1:30:30]} 6. b4 {[%clk
1:30:30]} cxb4 {[%clk 1:30:30]} 7. a3 {[%clk 1:30:30]} b3 {[%clk 1:30:30]} 8. d3
{[%clk 1:30:30]} Nc6 {[%clk 1:30:30]} 9. Nbd2 {[%clk 1:30:30]} Nd7 {[%clk
1:30:30]} 10. Nxb3 {[%clk 1:30:30]} Nc5 {[%clk 1:30:30]} 11. Nxc5 {[%clk
1:30:30]} Bxc5 {[%clk 1:30:30]} 12. Nd2 {[%clk 1:30:30]} O-O {[%clk 1:30:30]} 13.
Rb1 {[%clk 1:30:30]} Be7 {[%clk 1:30:30]} 14. Nb3 {[%clk 1:30:30]} e5 {[%clk
1:30:30]} 15. Bd5 {[%clk 1:30:30]} Bh3 {[%clk 1:30:30]} 16. Re1 {[%clk 1:30:30]}
a5 {[%clk 1:30:30]} 17. Nd2 {[%clk 1:30:30]} Qd7 {[%clk 1:30:30]} 18. Qa4 {[%clk
1:30:30]} Rab8 {[%clk 1:30:30]} 19. Nf3 {[%clk 1:30:30]} Bd6 {[%clk 1:30:30]} 20.
Bd2 {[%clk 1:30:30]} Qe7 {[%clk 1:30:30]} 21. Rb5 {[%clk 1:29:50]} Bd7 {[%clk
1:29:53]} 22. Qc2 {[%clk 1:26:21]} b6 {[%clk 1:29:17]} 23. Bg5 {[%clk 1:25:25]}
Qe8 {[%clk 1:29:25]} 24. Ra1 {[%clk 1:24:47]} Ne7 {[%clk 1:29:21]} 25. Bxe7
{[%clk 1:25:06]} Qxe7 {[%clk 1:29:21]} 26. Rbb1 {[%clk 1:25:04]} Kh8 {[%clk
1:28:14]} 27. a4 {[%clk 1:24:51]} Bc5 {[%clk 1:26:51]} 28. Nd2 {[%clk 1:25:09]}
f5 {[%clk 1:27:09]} 29. Nb3 {[%clk 1:25:18]} Bb4 {[%clk 1:27:17]} 30. Bg2 {[%clk
1:24:51]} Qe8 {[%clk 1:26:18]} 31. Nc1 {[%clk 1:24:46]} Rf6 {[%clk 1:26:15]} 32.
e3 {[%clk 1:24:42]} f4 {[%clk 1:25:49]} 33. exf4 {[%clk 1:24:38]} exf4 {[%clk
1:25:49]} 34. Na2 {[%clk 1:24:24]} f3 {[%clk 1:25:24]} 35. Nxb4 {[%clk 1:24:31]}
axb4 {[%clk 1:25:24]} 36. Bh1 {[%clk 1:24:17]} Qh5 {[%clk 1:24:57]} 37. Qc1
{[%clk 1:24:13]} Re8 {[%clk 1:22:48]} 38. Rxb4 {[%clk 1:24:08]} Re2 {[%clk
1:20:52]} 39. h4 {[%clk 1:24:16]} Qe5 {[%clk 1:19:19]} 40. Rb2 {[%clk 1:24:08]}
Rg6 {[%clk 1:19:10]} 41. Rxe2 {[%clk 1:24:25]} fxe2 {[%clk 1:19:18]} 42. Qe1
{[%clk 1:24:11]} Bf5 {[%clk 1:18:42]} 43. Ra3 {[%clk 1:24:06]} h6 {[%clk
1:18:50]} 44. Be4 {[%clk 1:24:02]} Bxe4 {[%clk 1:18:46]} 45. Qxe2 {[%clk
1:24:02]} Rxg3+ {[%clk 1:18:54]} 46. fxg3 {[%clk 1:24:21]} Qxg3+ {[%clk 1:19:13]}
47. Kf1 {[%clk 1:24:39]} Qf4+ {[%clk 1:19:20]} 48. Kg1 {[%clk 1:23:51]} Qc1+
{[%clk 1:19:19]} 49. Kf2 {[%clk 1:23:58]} Qf4+ {[%clk 1:19:37]} 50. Kg1 {[%clk
1:24:18]} Qg3+ {[%clk 1:18:27]} 51. Kf1 {[%clk 1:24:36]} Qf4+ {[%clk 1:18:27]}
52. Kg1 {[%clk 1:24:54]} Bf3 {[%clk 1:18:01]} 53. Qf2 {[%clk 1:24:39]} Qc1+
{[%clk 1:18:20]} 54. Kh2 {[%clk 1:23:50]} Qxa3 {[%clk 1:18:37]} 55. Qxf3 {[%clk
1:24:11]} Qxa4 {[%clk 1:18:35]} 56. Qf8+ {[%clk 1:24:08]} Kh7 {[%clk 1:18:35]}
57. Qf5+ {[%clk 1:24:26]} Kh8 {[%clk 1:18:42]} 1/2-1/2

[Event "CECLUB Segunda División"]
[Site "Linares"]
[Date "2017.08.12"]
[Round "7"]
[White "Veganzones Rojo, David"]
[Black "Alonso Moyano, Jonathan"]
[Result "0-1"]
[Board "4"]
[WhiteElo "2149"]
[WhiteCountry "ESP"]
[WhiteFideId "2223767"]
[WhiteEloChange "-4"]
[BlackTitle "IM"]
[BlackElo "2404"]
[BlackCountry "ESP"]
[BlackFideId "2216019"]
[BlackEloChange "2"]

1. e4 {[%clk 1:30:54]} d5 {[%clk 1:30:47]} 2. exd5 {[%clk 1:31:04]} Qxd5 {[%clk
1:31:11]} 3. Nc3 {[%clk 1:31:17]} Qd8 {[%clk 1:31:36]} 4. d4 {[%clk 1:31:18]} g6
{[%clk 1:31:59]} 5. Nf3 {[%clk 1:27:21]} Bg7 {[%clk 1:31:40]} 6. Bc4 {[%clk
1:23:22]} Nh6 {[%clk 1:31:54]} 7. O-O {[%clk 1:19:14]} O-O {[%clk 1:32:17]} 8. h3
{[%clk 1:18:04]} Nf5 {[%clk 1:32:29]} 9. Ne2 {[%clk 1:17:34]} Nd7 {[%clk
1:31:34]} 10. c3 {[%clk 1:15:15]} c5 {[%clk 1:30:53]} 11. Re1 {[%clk 1:13:53]}
Nd6 {[%clk 1:16:59]} 12. Bb3 {[%clk 1:09:23]} c4 {[%clk 1:15:45]} 13. Bc2 {[%clk
1:09:14]} e6 {[%clk 1:14:00]} 14. Bf4 {[%clk 1:03:32]} Nb6 {[%clk 1:08:55]} 15.
Qd2 {[%clk 1:00:47]} Nd5 {[%clk 1:07:06]} 16. Bh6 {[%clk 1:00:29]} b5 {[%clk
1:05:19]} 17. h4 {[%clk 0:46:29]} Bb7 {[%clk 1:00:57]} 18. h5 {[%clk 0:44:45]}
Nf6 {[%clk 0:55:34]} 19. hxg6 {[%clk 0:41:45]} hxg6 {[%clk 0:55:57]} 20. Ng3
{[%clk 0:35:48]} Re8 {[%clk 0:41:40]} 21. Ne5 {[%clk 0:32:05]} Qe7 {[%clk
0:36:57]} 22. f3 {[%clk 0:23:02]} Qf8 {[%clk 0:30:47]} 23. Bxg7 {[%clk 0:21:08]}
Qxg7 {[%clk 0:31:12]} 24. Ne4 {[%clk 0:14:50]} Nf5 {[%clk 0:25:16]} 25. Ng5
{[%clk 0:13:32]} Re7 {[%clk 0:22:56]} 26. a4 {[%clk 0:13:35]} a6 {[%clk 0:22:19]}
27. axb5 {[%clk 0:13:57]} axb5 {[%clk 0:22:48]} 28. Rxa8+ {[%clk 0:13:53]} Bxa8
{[%clk 0:23:13]} 29. Ra1 {[%clk 0:14:19]} Bb7 {[%clk 0:19:47]} 30. Ne4 {[%clk
0:05:51]} Nxe4 {[%clk 0:12:01]} 31. Bxe4 {[%clk 0:05:13]} f6 {[%clk 0:08:41]} 32.
Ng4 {[%clk 0:04:43]} g5 {[%clk 0:08:27]} 33. Ra5 {[%clk 0:04:37]} Nd6 {[%clk
0:07:17]} 34. Bxb7 {[%clk 0:03:54]} Rxb7 {[%clk 0:07:45]} 35. Qe3 {[%clk
0:04:07]} Qe7 {[%clk 0:06:23]} 36. f4 {[%clk 0:03:09]} Nf5 {[%clk 0:04:55]} 37.
Qe4 {[%clk 0:03:27]} gxf4 {[%clk 0:04:15]} 38. Qxf4 {[%clk 0:03:44]} Kg7 {[%clk
0:03:53]} 39. d5 {[%clk 0:02:38]} Qc5+ {[%clk 0:04:09]} 40. Kh2 {[%clk 0:02:27]}
Qxd5 {[%clk 0:03:16]} 41. Ra6 {[%clk 0:02:48]} Kg6 {[%clk 0:02:24]} 42. Nf2
{[%clk 0:03:11]} Rh7+ {[%clk 0:02:18]} 43. Kg1 {[%clk 0:03:14]} Rh4 {[%clk
0:02:15]} 44. Qb8 {[%clk 0:02:05]} e5 {[%clk 0:01:40]} 45. Qe8+ {[%clk 0:02:17]}
Kg5 {[%clk 0:01:56]} 46. Qf8 {[%clk 0:02:07]} Rh6 {[%clk 0:01:28]} 47. Nh3+
{[%clk 0:02:03]} Rxh3 {[%clk 0:01:19]} 48. Qxf6+ {[%clk 0:02:26]} Kf4 {[%clk
0:01:45]} 49. gxh3 {[%clk 0:02:08]} Qd1+ {[%clk 0:01:59]} 50. Kf2 {[%clk
0:01:57]} Qc2+ {[%clk 0:01:20]} 51. Ke1 {[%clk 0:01:16]} Kf3 {[%clk 0:01:17]} 52.
Qc6+ {[%clk 0:01:36]} e4 {[%clk 0:01:40]} 53. Qd7 {[%clk 0:01:26]} 0-1

[Event "CECLUB Segunda División"]
[Site "Linares"]
[Date "2017.08.12"]
[Round "7"]
[White "Vallejo Pons, Francisco"]
[Black "Dvirnyy, Danyyil"]
[Result "1/2-1/2"]
[Board "1"]
[WhiteTitle "GM"]
[WhiteElo "2717"]
[WhiteCountry "ESP"]
[WhiteFideId "2205530"]
[WhiteEloChange "-2"]
[BlackTitle "GM"]
[BlackElo "2558"]
[BlackCountry "ITA"]
[BlackFideId "817570"]
[BlackEloChange "2"]

1. e4 {[%clk 1:30:30]} c6 {[%clk 1:30:30]} 2. Nc3 {[%clk 1:30:30]} d5 {[%clk
1:30:30]} 3. Nf3 {[%clk 1:30:30]} Bg4 {[%clk 1:30:30]} 4. d4 {[%clk 1:30:30]} e6
{[%clk 1:30:30]} 5. Bd3 {[%clk 1:30:30]} Nf6 {[%clk 1:30:30]} 6. O-O {[%clk
1:30:30]} Be7 {[%clk 1:30:30]} 7. Be3 {[%clk 1:30:30]} O-O {[%clk 1:30:30]} 8. h3
{[%clk 1:30:30]} Bxf3 {[%clk 1:30:30]} 9. Qxf3 {[%clk 1:30:30]} dxe4 {[%clk
1:30:30]} 10. Nxe4 {[%clk 1:30:30]} Nxe4 {[%clk 1:30:30]} 11. Qxe4 {[%clk
1:30:30]} g6 {[%clk 1:30:30]} 12. Be2 {[%clk 1:30:30]} Nd7 {[%clk 1:30:30]} 13.
c4 {[%clk 1:30:30]} Bg5 {[%clk 1:30:30]} 14. f4 {[%clk 1:30:30]} Bf6 {[%clk
1:30:30]} 15. Rad1 {[%clk 1:30:30]} Bg7 {[%clk 1:30:30]} 16. Bf3 {[%clk 1:30:30]}
Nb6 {[%clk 1:30:30]} 17. b3 {[%clk 1:30:30]} Qc7 {[%clk 1:30:30]} 18. g4 {[%clk
1:30:30]} Rad8 {[%clk 1:30:30]} 19. Bg2 {[%clk 1:30:30]} Nc8 {[%clk 1:30:30]} 20.
Rd2 {[%clk 1:30:30]} Ne7 {[%clk 1:30:30]} 21. Qc2 {[%clk 1:30:30]} Qa5 {[%clk
1:30:30]} 22. Rd3 {[%clk 1:30:30]} Rd7 {[%clk 1:30:30]} 23. Rfd1 {[%clk 1:30:30]}
Rfd8 {[%clk 1:30:30]} 24. Kh1 {[%clk 1:30:30]} b5 {[%clk 1:30:30]} 25. Kh2 {[%clk
1:30:30]} Bf6 {[%clk 1:30:30]} 26. Be4 {[%clk 1:30:30]} Bg7 {[%clk 1:30:30]} 27.
Bg2 {[%clk 1:30:30]} Bf6 {[%clk 1:30:30]} 28. Be4 {[%clk 1:30:30]} Bg7 {[%clk
1:30:30]} 29. Bg2 {[%clk 1:30:30]} Bf6 {[%clk 1:30:30]} 30. Be4 {[%clk 1:30:30]}
Bg7 {[%clk 1:30:30]} 31. Bg2 {[%clk 1:30:30]} 1/2-1/2

[Event "CECLUB Segunda División"]
[Site "Linares"]
[Date "2017.08.12"]
[Round "7"]
[White "Vega Gutierrez, Sabrina"]
[Black "Arizmendi Martinez, Julen Luis"]
[Result "1-0"]
[Board "2"]
[WhiteTitle "IM"]
[WhiteElo "2369"]
[WhiteCountry "ESP"]
[WhiteFideId "2219026"]
[WhiteEloChange "14"]
[BlackTitle "GM"]
[BlackElo "2513"]
[BlackCountry "ESP"]
[BlackFideId "2205092"]
[BlackEloChange "-7"]

1. e4 {[%clk 1:30:56]} e6 {[%clk 1:27:28]} 2. d4 {[%clk 1:31:03]} d5 {[%clk
1:27:50]} 3. Nd2 {[%clk 1:31:23]} Be7 {[%clk 1:27:10]} 4. Ngf3 {[%clk 1:31:32]}
Nf6 {[%clk 1:26:44]} 5. e5 {[%clk 1:31:46]} Nfd7 {[%clk 1:26:58]} 6. Bd3 {[%clk
1:32:06]} c5 {[%clk 1:26:55]} 7. c3 {[%clk 1:32:27]} Nc6 {[%clk 1:23:13]} 8. O-O
{[%clk 1:32:36]} O-O {[%clk 1:21:15]} 9. Re1 {[%clk 1:32:16]} f6 {[%clk 1:21:04]}
10. exf6 {[%clk 1:31:19]} Nxf6 {[%clk 1:20:30]} 11. Nf1 {[%clk 1:10:48]} cxd4
{[%clk 1:20:10]} 12. cxd4 {[%clk 1:10:38]} Qb6 {[%clk 1:19:46]} 13. Ne3 {[%clk
0:59:12]} Bb4 {[%clk 0:51:22]} 14. Re2 {[%clk 0:40:28]} Bd7 {[%clk 0:50:56]} 15.
Nc2 {[%clk 0:39:28]} Bd6 {[%clk 0:46:37]} 16. b4 {[%clk 0:36:08]} Rac8 {[%clk
0:39:20]} 17. Ne5 {[%clk 0:23:03]} Bxe5 {[%clk 0:25:06]} 18. dxe5 {[%clk
0:23:20]} Ng4 {[%clk 0:25:25]} 19. Be3 {[%clk 0:21:54]} d4 {[%clk 0:14:49]} 20.
Nxd4 {[%clk 0:16:03]} Nxe3 {[%clk 0:15:11]} 21. fxe3 {[%clk 0:16:25]} Nxd4 {[%clk
0:09:33]} 22. exd4 {[%clk 0:16:52]} Ba4 {[%clk 0:09:52]} 23. Qb1 {[%clk 0:15:44]}
Qxd4+ {[%clk 0:10:12]} 24. Kh1 {[%clk 0:16:10]} h6 {[%clk 0:04:49]} 25. Re4
{[%clk 0:13:50]} Qd5 {[%clk 0:02:22]} 26. Re1 {[%clk 0:03:32]} Rf2 {[%clk
0:00:37]} 27. Be4 {[%clk 0:03:29]} Qb5 {[%clk 0:00:56]} 28. Rf1 {[%clk 0:01:42]}
Rxf1+ {[%clk 0:00:53]} 29. Qxf1 {[%clk 0:02:10]} Qxb4 {[%clk 0:01:00]} 30. Qd3
{[%clk 0:00:45]} Bb5 {[%clk 0:00:35]} 31. Qh3 {[%clk 0:00:36]} Bd7 {[%clk
0:00:33]} 32. Qd3 {[%clk 0:00:32]} Bb5 {[%clk 0:00:37]} 33. Qh3 {[%clk 0:01:00]}
Qe7 {[%clk 0:00:33]} 34. Qg4 {[%clk 0:00:32]} Qf7 {[%clk 0:00:29]} 35. Bg6 {[%clk
0:00:33]} Qd7 {[%clk 0:00:32]} 36. Rd1 {[%clk 0:00:27]} Ba4 {[%clk 0:00:31]} 37.
Rf1 {[%clk 0:00:32]} Bb5 {[%clk 0:00:37]} 38. Rd1 {[%clk 0:00:53]} Ba4 {[%clk
0:00:57]} 39. Rf1 {[%clk 0:01:22]} Rf8 {[%clk 0:00:38]} 40. Bh7+ {[%clk 0:00:45]}
Kxh7 {[%clk 0:01:01]} 41. Rxf8 {[%clk 0:01:10]} Bc2 {[%clk 0:01:19]} 42. h3
{[%clk 0:01:05]} Bf5 {[%clk 0:01:22]} 43. Qf3 {[%clk 0:00:54]} Qc7 {[%clk
0:00:55]} 44. Ra8 {[%clk 0:00:32]} b6 {[%clk 0:00:41]} 45. a3 {[%clk 0:00:35]} a5
{[%clk 0:00:38]} 46. Qe3 {[%clk 0:00:41]} Qb7 {[%clk 0:00:33]} 47. Rd8 {[%clk
0:00:49]} b5 {[%clk 0:00:37]} 48. Kh2 {[%clk 0:00:42]} b4 {[%clk 0:00:55]} 49.
axb4 {[%clk 0:01:10]} axb4 {[%clk 0:01:23]} 50. Qd4 {[%clk 0:00:32]} b3 {[%clk
0:01:43]} 51. Qb2 {[%clk 0:00:29]} Qb4 {[%clk 0:01:05]} 52. Rd4 {[%clk 0:00:44]}
Qe1 {[%clk 0:00:54]} 53. Rd2 {[%clk 0:00:42]} Bc2 {[%clk 0:00:57]} 54. Rxc2
{[%clk 0:00:50]} bxc2 {[%clk 0:01:03]} 55. Qxc2+ {[%clk 0:01:18]} Kg8 {[%clk
0:00:46]} 56. Qc8+ {[%clk 0:01:44]} Kf7 {[%clk 0:00:33]} 57. Qd7+ {[%clk
0:02:09]} Kf8 {[%clk 0:00:47]} 58. Qxe6 {[%clk 0:02:34]} Qd2 {[%clk 0:00:53]} 59.
Qc8+ {[%clk 0:00:35]} Kf7 {[%clk 0:00:56]} 60. Qc7+ {[%clk 0:00:43]} Kg6 {[%clk
0:00:51]} 61. e6 {[%clk 0:00:58]} Qe3 {[%clk 0:00:38]} 62. Qf7+ {[%clk 0:00:34]}
Kh7 {[%clk 0:00:54]} 63. Qf5+ {[%clk 0:01:03]} Kg8 {[%clk 0:00:55]} 64. h4 {[%clk
0:00:45]} Qa7 {[%clk 0:00:37]} 65. Qe5 {[%clk 0:00:40]} Qe7 {[%clk 0:00:35]} 66.
Kh3 {[%clk 0:01:05]} Qa3+ {[%clk 0:00:47]} 67. Kg4 {[%clk 0:01:06]} Qe7 {[%clk
0:00:34]} 68. Qd5 {[%clk 0:00:33]} Kh7 {[%clk 0:00:35]} 69. Qd7 {[%clk 0:00:41]}
Qb4+ {[%clk 0:00:53]} 70. Kh3 {[%clk 0:00:35]} Qb3+ {[%clk 0:00:51]} 71. Kh2
{[%clk 0:00:33]} Qb8+ {[%clk 0:01:07]} 72. Kh3 {[%clk 0:00:34]} Qb3+ {[%clk
0:01:31]} 73. Kh2 {[%clk 0:01:02]} Qb8+ {[%clk 0:01:57]} 74. g3 {[%clk 0:01:29]}
Qb2+ {[%clk 0:02:11]} 75. Kh3 {[%clk 0:01:43]} Qb1 {[%clk 0:00:52]} 76. Qd5
{[%clk 0:01:11]} Qf1+ {[%clk 0:01:06]} 77. Kg4 {[%clk 0:01:16]} Qe2+ {[%clk
0:00:48]} 78. Kf4 {[%clk 0:01:42]} Qf2+ {[%clk 0:00:33]} 79. Qf3 {[%clk 0:01:14]}
Qd2+ {[%clk 0:00:36]} 80. Ke5 {[%clk 0:00:50]} Qb2+ {[%clk 0:00:37]} 81. Kd6
{[%clk 0:00:40]} Qb4+ {[%clk 0:00:35]} 82. Kd7 {[%clk 0:00:56]} Qd4+ {[%clk
0:00:31]} 83. Ke8 {[%clk 0:01:05]} Qa4+ {[%clk 0:00:40]} 84. Kf8 {[%clk 0:01:09]}
Qb4+ {[%clk 0:00:32]} 85. e7 {[%clk 0:01:34]} Qc5 {[%clk 0:00:33]} 86. Qe4+
{[%clk 0:00:47]} Kh8 {[%clk 0:00:43]} 87. Qe6 {[%clk 0:00:56]} 1-0